Normal view
MARC view
- الزكي، أحمد عبد الفتاح مؤلف؛ تقديم أحمد،حافظ فرج
Entry Personal Name
001 - CONTROL NUMBER
- control field: 38164
003 - CONTROL NUMBER IDENTIFIER
- control field: JO-AjAnu
005 - DATE AND TIME OF LATEST TRANSACTION
- control field: 20230606080346.0
008 - FIXED-LENGTH DATA ELEMENTS
- fixed length control field: 230606|| aca||aabn | a|a d
040 ## - CATALOGING SOURCE
- Original cataloging agency: JO-AjAnu
- Transcribing agency: JO-AjAnu
100 ## - HEADING--PERSONAL NAME
- Personal name: الزكي، أحمد عبد الفتاح مؤلف؛ تقديم أحمد،حافظ فرج
670 ## - SOURCE DATA FOUND
- Source citation: Work cat.: (JO-AjAnu)19579: الزكي، أحمد عبد الفتاح مؤلف؛ تقديم أحمد،حافظ فرج , author, التجربة اليابانية في التعليم دروس مستفادة